| 000 | 00362nam a2200109Ia 4500 | ||
|---|---|---|---|
| 008 | 230320s9999||||xx |||||||||||||| ||spa|| | ||
| 082 | _aTMI/2007/26 | ||
| 100 | _aAlvarenga Amaya, Mirna Elizabeth | ||
| 245 | 0 | _aPropuesta De Aplicación Modelo T En La Institución Educativa Particular Religiosa "Nuestra Señora De La Paz" | |
| 260 | _bLima 2007 | ||
| 942 |
_80 _cLIB |
||
| 999 |
_c45962 _d45962 |
||